000 01928nam a2200577 i 4500
001 6484
003 KOSZ 005
005 20191008112823.0
008 970510s1993 pl a f |000 0 pol
015 _aPB 1994/696
022 _a0434-0825
035 _a991000358009705066
035 _a(PL-WaBN)b10138900-48omnis_nlop
035 _ab10138900
035 _a(OCoLC)833968920
035 _a(PL)b0000001013890
035 _a(EXLNZ-48OMNIS_NETWORK)9910256764205606
040 _aWA N
_cWA N
_dKOSZ 005/EG
041 _apol
046 _k1986
080 _a579
080 _a628.3/.4
080 _a(075.8)
100 1 _aPetrycka, Helena
_eAutor
245 1 0 _aĆwiczenia z mikrobiologii środowisokwej [e. i. środowiskowej] /
_cHelena Petrycka.
250 _aWyd. 2.
260 _aGliwice :
_bWydaw. PŚ,
_c1993.
300 _a149 s. :
_bfot., rys. ;
_c24 cm.
336 _2rdacontent
_aTekst
_btxt
337 _2rdamedia
_aBez urządzenia pośredniczącego
_bn
338 _2rdacarrier
_aWolumin
_bnc
380 _aKsiążki
380 _aPublikacje dydaktyczne
385 _mPoziom nauczania
_aSzkoły wyższe
388 _a1901-2000
388 _a1989-2000
490 1 _aSkrypty Uczelniane / Politechnika Śląska,
_x0434-0825 ;
_vnr 1753
504 _aBibliogr. s. 148-149.
521 _aDla studentów Wydziału Inżynierii Środowiska.
650 7 _aMikrobiologia
_2DBN
650 7 _aOczyszczalnia ścieków
_2DBN
650 7 _aŚrodowisko człowieka
_2DBN
655 7 _aPodręczniki akademickie
_2DBN
658 _aBiologia
658 _aOchrona środowiska
710 2 _aWydawnictwo Politechniki Śląskiej
830 0 _aSkrypty Uczelniane - Politechnika Śląska,
_vnr 1753
856 _uhttp://koha.tu.koszalin.pl/cgi-bin/koha/opac-detail.pl?biblionumber=6484
_yKatalog online BPK
942 _2UKD
_cKS
999 _c6484
_d6484